书目信息 |
| 题名: |
室内装饰材料与应用
|
|
| 作者: | 王勇 编著 | |
| 分册: | ||
| 出版信息: | 北京 中国电力出版社 2012.6 |
|
| 页数: | 215页 | |
| 开本: | 25cm | |
| 丛书名: | 筑龙网图书系列 | |
| 单 册: | ||
| 中图分类: | TU56 | |
| 科图分类: | ||
| 主题词: | 室内装饰--装饰材料 | |
| 电子资源: | ||
| ISBN: | 978-7-5123-2761-0 | |
| 000 | 00961nam 2200265 450 | |
| 001 | 0400001437 | |
| 005 | 20171025142735.37 | |
| 010 | @a978-7-5123-2761-0@b精装@dCNY56.00 | |
| 100 | @a20120903d2012 em y0chiy50 ea | |
| 101 | 0 | @achi |
| 102 | @aCN@b110000 | |
| 105 | @ay z 000yy | |
| 106 | @ar | |
| 200 | 1 | @a室内装饰材料与应用@9shi nei zhuang shi cai liao yu ying yong@f王勇编著 |
| 205 | @a第2版 | |
| 210 | @a北京@c中国电力出版社@d2012.6 | |
| 215 | @a215页@c图@d25cm | |
| 225 | 2 | @a筑龙网图书系列 |
| 330 | @a本书分别介绍了装饰石材、装饰陶瓷、装饰骨架材料与装饰线条、装饰板材、装饰地板、装饰门窗、装饰纤维制品、装饰玻璃与管线材料(含PPR管、PVC管)、装饰涂料与胶凝材料、装饰五金配件、装饰灯具、卫生洁具、电气设备等室内主要装饰材料的性能及应用。 | |
| 410 | 0 | @12001 @a筑龙网图书系列 |
| 606 | 0 | @a室内装饰@x装饰材料 |
| 690 | @aTU56@v5 | |
| 701 | 0 | @a王勇@9wang yong@4编著 |
| 801 | 0 | @aCN@b91MARC@c20171018 |
| 905 | @b1020859-63@dTU56@f5@e1008=2 | |
| 室内装饰材料与应用/王勇编著.-第2版.-北京:中国电力出版社,2012.6 |
| 215页:图;25cm.-(筑龙网图书系列) |
| ISBN 978-7-5123-2761-0(精装):CNY56.00 |
| 本书分别介绍了装饰石材、装饰陶瓷、装饰骨架材料与装饰线条、装饰板材、装饰地板、装饰门窗、装饰纤维制品、装饰玻璃与管线材料(含PPR管、PVC管)、装饰涂料与胶凝材料、装饰五金配件、装饰灯具、卫生洁具、电气设备等室内主要装饰材料的性能及应用。 |
| ● |
| 相关链接 |
|
|
|
|
正题名:室内装饰材料与应用
索取号:TU56/1008=2
 
预约/预借
| 序号 | 登录号 | 条形码 | 馆藏地/架位号 | 状态 | 备注 |
| 1 | 1020859 | 210208595 | 第二样本阅览室/ [索取号:TU56/1008=2] | 在馆 | |
| 2 | 1020860 | 210208602 | 密集书库-生命科学系/ [索取号:TU56/1008=2] | 在馆 | |
| 3 | 1020861 | 210208611 | 第三借阅区/ [索取号:TU56/1008=2] | 在馆 | |
| 4 | 1020862 | 210208620 | 第三借阅区/ [索取号:TU56/1008=2] | 在馆 | |
| 5 | 1020863 | 210208639 | 第三借阅区/ [索取号:TU56/1008=2] | 在馆 |